| 000 | 01036nam a22002777a 4500 | ||
|---|---|---|---|
| 001 | 7270 | ||
| 003 | FISKH | ||
| 005 | 20250707092307.0 | ||
| 008 | 250707b cb ||||| |||| 00| 0 eng d | ||
| 020 | _a9781405400510 | ||
| 040 |
_aFISKH _beng _cFISKH _dFISKH |
||
| 050 | _aPZ7 | ||
| 082 | _a428 | ||
| 100 | _aGraves, Sue | ||
| 245 | _aSam duckling swims / | ||
| 260 |
_aBath BA1 1HE : _bParragon Publishing, _c2003. |
||
| 300 |
_a29 pages : _bcolor illustrations ; _c24 cm |
||
| 490 |
_aGold Stars : _vA level 2 reading book |
||
| 505 | _aF | ||
| 520 | _aSam Duckling is nervous about swimming, while his siblings enjoy the water. With gentle encouragement from family, Sam builds confidence, bravely enters the water, and by the end, he happily swims alongside the others. It’s a sweet story about overcoming fears through support and practice. | ||
| 521 | 8 |
_a300
_bLexile estimate |
|
| 521 | 8 |
_aF
_bRaz-Plus |
|
| 650 |
_aDuck _vChildren's Fiction _xPicture Book _yPond |
||
| 942 |
_2ddc _cBK _n0 |
||
| 999 |
_c7270 _d7270 |
||